Score 0/300 Timer 20:00
1 Play Today
Rank Name % Correct
35Anna
81.6%
154Sara
79.1%
2Emma
78.9%
121Mary
78.7%
7Emily
78.7%
10Elizabeth
78.6%
200Eliza
78.2%
48Sarah
77.6%
191Jennifer
75.5%
163Jessica
73%
23Hannah
71.8%
3Olivia
71.1%
77Katherine
70.6%
172Catherine
70.4%
112Maria
70.1%
138Rachel
70%
184Kate
69.7%
136Isabel
69.1%
244Katie
66.4%
1Sophia
66.2%
75Julia
65.7%
91Lauren
65%
139Amy
64.7%
4Isabella
64.1%
29Samantha
64%
224Rose
64%
22Grace
63.9%
67Ashley
63.6%
9Madison
63.4%
60Alexa
63.1%
25Victoria
63.1%
178Rebecca
62.5%
298Amanda
61.5%
76Sophie
61.4%
14Chloe
60.8%
8Abigail
60.7%
15Ella
60.5%
27Lily
60.4%
168Michelle
60%
5Ava
60%
82Alexandra
59.3%
11Charlotte
58.6%
92Nicole
58.5%
256Megan
58%
31Zoe
57.7%
58Bella
57.6%
34Allison
57.4%
88Eva
57.2%
63Caroline
57.2%
266Angel
56%
195Stephanie
55.7%
202Melissa
55.6%
21Natalie
55.3%
59Taylor
55.2%
261Danielle
54.1%
46Alexis
54%
101Kimberly
53.9%
181Margaret
52.9%
102Molly
52.4%
66Lucy
52.4%
115Isabelle
52.4%
6Mia
52.2%
17Amelia
52.1%
49Claire
51.5%
237Ana
51.1%
33Leah
50.5%
107Alice
49.5%
71Brianna
49.3%
273Erin
49%
227Jenna
48.8%
95Kayla
48.7%
74Ellie
48.4%
110Andrea
48.2%
196Angela
47.9%
90Madeline
47.7%
57Alyssa
47.5%
40Aria
47.5%
270Diana
47.5%
13Sofia
47.4%
103Jasmine
47.4%
20Evelyn
46.8%
297Alison
46.6%
260Jordan
46.4%
89Faith
46.4%
288Amber
46.3%
113Brooke
45.4%
32Audrey
45.4%
38Gabriella
45.3%
100Morgan
45.3%
24Zoey
45.2%
61Kylie
44.9%
19Addison
44.9%
233Hope
44.6%
43Hailey
44.6%
26Lillian
44.5%
141Gabrielle
44.5%
124Lilly
44.3%
84Melanie
44.1%
83Nora
43.4%
150Vanessa
43.2%
Rank Name % Correct
69Violet
42.2%
126Jade
42.2%
45Riley
42%
147Angelina
41.7%
198Daisy
41.6%
56Penelope
41.4%
229Haley
41.3%
131Clara
41.3%
12Avery
41.3%
18Aubrey
41.2%
272Kathryn
41.3%
207Alexandria
40.8%
28Brooklyn
40.7%
93Ruby
40.5%
62Mackenzie
40.4%
134Kaitlyn
40.2%
72Maya
39.9%
252Georgia
39.8%
231Maggie
39.7%
81Annabelle
39.7%
239Jacqueline
39.7%
54Ariana
39.2%
37Savannah
39.1%
291Olive
39.1%
106Eleanor
38.8%
128Paige
38.8%
44Arianna
38.7%
105Bailey
37.8%
169Valerie
37.6%
143Katelyn
37.6%
289Daniella
37.5%
79Khloe
37.1%
271Chelsea
37%
220Allie
37%
70Stella
36.6%
41Kaylee
36.4%
160Josephine
36.2%
65Autumn
36%
120Natalia
35.9%
127Cora
35.6%
137Destiny
35.5%
119Vivian
35.2%
238Juliet
35.2%
68Madelyn
35.1%
197Fiona
35.1%
30Layla
34.9%
146Ariel
34.9%
245Miranda
34.8%
51Peyton
34.8%
16Harper
34.7%
188Summer
34.6%
192Lila
34.4%
166Gracie
34.3%
98Sydney
34.2%
130Kendall
34.2%
152Ivy
34%
287Nina
33.4%
87Naomi
33.3%
50Sadie
33.3%
140Mckenzie
33.3%
96Lydia
33%
190Julianna
32.9%
159Elise
32.6%
132Elena
32.6%
118Quinn
32.4%
214Lola
32.4%
42Scarlett
32.2%
228Esther
31.6%
114Mariah
31.4%
47Nevaeh
31.4%
265Josie
31.3%
123Payton
31.1%
151Adriana
30.8%
182Alana
30.8%
94Makayla
30.7%
253Iris
30.7%
248Jada
30.7%
222Daniela
30.2%
99Jocelyn
30.2%
175Alexia
30.2%
149Juliana
30%
225Adrianna
29.9%
117Mya
29.9%
171Melody
29.7%
155Willow
29.1%
221Gabriela
29%
64Kennedy
28.7%
36Aaliyah
28.6%
226Callie
28.6%
240Charlie
28.3%
284Leslie
28.3%
246Lexi
28%
187Kendra
27.9%
274Annabella
27.7%
133Jordyn
27.5%
85London
27.5%
243Camille
27.4%
186Norah
27.2%
97Piper
27.2%
167Isla
26.9%
Rank Name % Correct
108Trinity
26.8%
78Mila
26.7%
268Mikayla
26.7%
250Cassidy
26.5%
86Gianna
26.4%
52Aubree
26.3%
176Valeria
26.2%
104Reagan
26.1%
281Sabrina
26.1%
157Hazel
26.1%
242Tessa
26%
263Sienna
26%
295Juliette
26%
208Emilia
25.7%
254Ashlyn
25.7%
258Paris
25.5%
215Leila
25.4%
135Delilah
25.3%
278Madeleine
25.3%
145Aurora
25.2%
170Kylee
25.2%
39Camila
25.1%
142Brooklynn
24.9%
109Rylee
24.9%
122Liliana
24.8%
259Shelby
24.8%
73Skylar
24.6%
53Serenity
24.3%
153Lyla
24%
216Mckenna
23.9%
165Makenzie
23.7%
279Kayleigh
23.7%
193Hayden
23.5%
148Aliyah
23.4%
116Brielle
23%
204Keira
22.9%
232Adeline
22.8%
80Paisley
22.8%
55Genesis
22.8%
179Izabella
22.2%
158Eden
22%
241Lucia
22%
144Laila
21.8%
280Vivienne
21.7%
300Evangeline
21.7%
262Lilliana
21.7%
213Brynn
21.5%
156Reese
21.5%
293Dakota
21.3%
223Cecilia
21.3%
185Luna
21.1%
219Genevieve
21.1%
180Alaina
20.9%
277Arya
20.9%
125Eliana
20.8%
296Noelle
20.7%
255Kenzie
20.5%
111Hadley
20.5%
257Anastasia
20.1%
210Arabella
20%
211Emerson
19.8%
201Harmony
19.8%
174Jayla
19.7%
267Parker
19.6%
177Adalyn
19.5%
183Alivia
19.3%
247Makenna
19.2%
203Giselle
19%
251Alina
19%
212Adelyn
18.9%
189Ryleigh
18.9%
209Marley
18.5%
236Maci
18.3%
164Londyn
18%
129Valentina
18%
194Emery
17.7%
249Delaney
17.7%
299Alessandra
17.5%
264Teagan
17.4%
285Kyleigh
17.2%
282Cali
17.1%
199Presley
16.7%
235Amaya
16.4%
206Alayna
16.4%
161Kinsley
16.2%
292Miriam
16%
162Ximena
15.9%
218Athena
15.6%
286Ayla
15.5%
205Kinley
15.4%
173Adalynn
15.2%
275Kaydence
14.3%
230Leilani
14.1%
294Elliana
14.1%
290Finley
14.1%
269Brynlee
13.9%
276Lyric
13.8%
217Aniyah
13.8%
283Raelynn
11.6%
234Jaylah
9.5%
Remove Ads.
Support Sporcle.
Get the best of Sporcle when you Go Orange. This ad-free experience offers more features, more stats, and more fun while also helping to support Sporcle. Thank you for becoming a member.

You're not logged in!

Compare scores with friends on all Sporcle quizzes.
OR
Log In

Show Comments

Extras

Top Quizzes Today


Score Distribution

Your Account Isn't Verified!

In order to create a playlist on Sporcle, you need to verify the email address you used during registration. Go to your Sporcle Settings to finish the process.

Report this User

Report this user for behavior that violates our Community Guidelines.

Details: